| 000 -NÁVESTIE |
| fixed length control field |
01099nam a2200277 a 4500 |
| 008 - ÚDAJE S PEVNOU DĹŽKOU – VŠEOBECNÉ INFORMÁCIE |
| fixed length control field |
960329s1988||||[C 0 slo c |
| 020 ## - MEDZINÁRODNÉ ŠTANDARDNÉ ČÍSLO KNIHY (ISBN) |
| Údaje o dostupnosti |
95 Kčs |
| Qualifying information |
(50 000 výtl.) |
| 040 ## - ZDROJ KATALOGIZÁCIE |
| Pôvodná katalogizujúca agentúra |
SNK |
| Jazyk katalogizácie |
slo |
| Prepisujúca agentúra |
SNK |
| Konvencie popisu |
AACR2 |
| 041 1# - KÓD JAZYKA |
| Kód jazyka textu/zvukovej stopy alebo samostatných nápisov |
slo |
| 080 ## - ČÍSLO MEDZINÁRODNÉHO DESATINNÉHO TRIEDENIA (MDT) |
| Číslo Medzinárodného desatinného triedenia (MDT) |
912(100)(084.4) |
| 044 ## - KÓD KRAJINY VYDAVATEĽA/PRODUCENTA |
| Kód krajiny MARC |
xo |
| Kód krajiny ISO |
SK |
| 245 10 - NÁZOV |
| Názov |
Atlas sveta pre každého |
| Médium |
Mapa ; Jozef Ščipák, Elena Strečanská, Dušan Darovec, Helena Jarábková |
| 250 ## - ÚDAJ O PORADÍ VYDANIA |
| Údaj o poradí vydania |
1., vyd. |
| 260 ## - VYDAVATEĽSKÉ ÚDAJE, DISTRIBÚCIA ATĎ. |
| Miesto publikovania, distribúcie atď. |
Bratislava |
| Názov vydavateľa, distibútora atď. |
Slovenská kartografia |
| Dátum publikovania, distribúcie atď. |
1988 |
| Miesto výroby |
Bratislava |
| Výrobca |
Slovenská kartografia |
| 300 ## - FYZICKÝ POPIS |
| Rozsah |
117 s. |
| Rozmery |
30x21 cm |
| 500 ## - VŠEOBECNÁ POZNÁMKA |
| Formátovaná poznámka o obsahu |
Atlas. Obsah. Predslov. Mp. časť. Text. časť. Fot. Vlajky štátov. Reg. Vysvetl. Red. uzáv. 15. 5. 1988. |
| 500 ## - VŠEOBECNÁ POZNÁMKA |
| Formátovaná poznámka o obsahu |
Sprac. Slovenská kartografia, Bratislava. Zodp. red. Jozef Ščipák. Techn. red. Elena Strečanská. Výtv. red. Dušan Darovec, Helena Jarábková. |
| 700 1# - PRIDANÝ VSTUP – OSOBNÉ MENO |
| Osobné meno |
Ščipák, Jozef |
| Kód roly |
aut |
| 700 1# - PRIDANÝ VSTUP – OSOBNÉ MENO |
| Osobné meno |
Strečanská, Elena |
| Kód roly |
aut |
| 700 1# - PRIDANÝ VSTUP – OSOBNÉ MENO |
| Osobné meno |
Darovec, Dušan |
| Kód roly |
aut |
| 700 1# - PRIDANÝ VSTUP – OSOBNÉ MENO |
| Osobné meno |
Jarábková, Helena |
| Kód roly |
aut |
| 923 ## - |
| -- |
všeobecnozemepisný |
| 923 ## - |
| -- |
viazaný |
| 923 ## - |
| -- |
pre verejnosť |
| 958 ## - Formálny deskriptor |
| Formálny deskriptor |
CMO |